Climate change and energy policy : (Record no. 26567)
[ view plain ]
| 000 -LEADER | |
|---|---|
| fixed length control field | 01479cam a2200313 a 4500 |
| 001 - CONTROL NUMBER | |
| control field | 2035011 |
| 003 - CONTROL NUMBER IDENTIFIER | |
| control field | OSt |
| 005 - DATE AND TIME OF LATEST TRANSACTION | |
| control field | 20220111141006.0 |
| 008 - FIXED-LENGTH DATA ELEMENTS--GENERAL INFORMATION | |
| fixed length control field | 920811s1992 nyuab b 100 0 eng |
| 010 ## - LIBRARY OF CONGRESS CONTROL NUMBER | |
| LC control number | 92072649 |
| 020 ## - INTERNATIONAL STANDARD BOOK NUMBER | |
| International Standard Book Number | 1563960176 (pbk.) |
| 040 ## - CATALOGING SOURCE | |
| Original cataloging agency | DLC |
| Transcribing agency | HU |
| Modifying agency | DLC |
| 050 00 - LIBRARY OF CONGRESS CALL NUMBER | |
| Classification number | QC981.8.C5 |
| Item number | I58 1991 |
| 082 00 - DEWEY DECIMAL CLASSIFICATION NUMBER | |
| Classification number | 551.6 |
| Edition number | 20 |
| 111 2# - MAIN ENTRY--MEETING NAME | |
| Meeting name or jurisdiction name as entry element | International Conference on Global Climate Change: Its Mitigation through Improved Production and Use of Energy |
| Date of meeting or treaty signing | (1991 : |
| Location of meeting | Los Alamos National Laboratory) |
| 9 (RLIN) | 27658 |
| 245 10 - TITLE STATEMENT | |
| Title | Climate change and energy policy : |
| Remainder of title | proceedings of the International Conference on Global Climate Change, Its Mitigation Through Improved Production and Use of Energy, Los Alamos National Laboratory, October 21-24, 1991, Los Alamos, New Mexico, USA / |
| Statement of responsibility, etc. | editors-in-chief, Louis Rosen, Robert Glasser. |
| 260 ## - PUBLICATION, DISTRIBUTION, ETC. | |
| Place of publication, distribution, etc. | New York : |
| Name of publisher, distributor, etc. | American Institute of Physics, |
| Date of publication, distribution, etc. | 1992. |
| 300 ## - PHYSICAL DESCRIPTION | |
| Extent | xi, 554 p. : |
| Other physical details | ill., maps ; |
| Dimensions | 24 cm. |
| 500 ## - GENERAL NOTE | |
| General note | "DOE CONF-9110127"--T.p. verso. |
| 504 ## - BIBLIOGRAPHY, ETC. NOTE | |
| Bibliography, etc. note | Includes bibliographical references. |
| 650 #0 - SUBJECT ADDED ENTRY--TOPICAL TERM | |
| Topical term or geographic name entry element | Climatic changes |
| Form subdivision | Congresses. |
| 9 (RLIN) | 15550 |
| 650 #0 - SUBJECT ADDED ENTRY--TOPICAL TERM | |
| Topical term or geographic name entry element | Energy policy |
| Form subdivision | Congresses. |
| 9 (RLIN) | 27659 |
| 650 #0 - SUBJECT ADDED ENTRY--TOPICAL TERM | |
| Topical term or geographic name entry element | Energy policy |
| Form subdivision | Congresses. |
| 9 (RLIN) | 27659 |
| 700 1# - ADDED ENTRY--PERSONAL NAME | |
| Personal name | Rosen, Louis, |
| Dates associated with a name | 1918-2009. |
| 9 (RLIN) | 27660 |
| 700 1# - ADDED ENTRY--PERSONAL NAME | |
| Personal name | Glasser, Robert. |
| 9 (RLIN) | 27661 |
| 906 ## - LOCAL DATA ELEMENT F, LDF (RLIN) | |
| a | 7 |
| b | cbc |
| c | orignew |
| d | 2 |
| e | opcn |
| f | 19 |
| g | y-gencatlg |
| 942 ## - ADDED ENTRY ELEMENTS (KOHA) | |
| Source of classification or shelving scheme | Dewey Decimal Classification |
| Koha item type | Books like text book referance book |
| Suppress in OPAC | No |
| Withdrawn status | Lost status | Source of classification or shelving scheme | Damaged status | Not for loan | Collection code | Home library | Current library | Shelving location | Date acquired | Total Checkouts | Full call number | Barcode | Date last seen | Copy number | Price effective from | Koha item type |
|---|---|---|---|---|---|---|---|---|---|---|---|---|---|---|---|---|
| Dewey Decimal Classification | Reference | Wondo Genet Library | Wondo Genet Library | General Stacks | 01/11/2022 | 551.6 CLI 1992 | WGCFNRL00010204 | 01/11/2022 | 1 | 01/11/2022 | Books like text book referance book | |||||
| Dewey Decimal Classification | Reference | Wondo Genet Library | Wondo Genet Library | General Stacks | 01/27/2022 | 551.6 CLI 1992 | WGCFNRL00010784 | 01/27/2022 | 2 | 01/27/2022 | Books like text book referance book |